• 首页
  • 本馆介绍
  • 公告通知
  • 最新文献
  • 馆藏检索
  • 电子资源
  • 读者导购
  • 参考咨询
  • 我的图书馆
  • 登录
  • 详细信息显示
  • 放入我的书架
  • 预约/预借图书
  • 作者相关作品
  • 分类相关作品
  • 丛书相关作品
  • 出版社相关作品

书目信息

  • 表格格式
  • 工作单格式
  • 卡片格式
题名:
校园安全教育读本
    
 
作者: 宁选应 主编
分册:  
出版信息: 北京   航空工业出版社  2016.07
页数: 174页
开本: 26cm
丛书名:
单 册:
中图分类: X925
科图分类:
主题词: 大学生--安全教育
电子资源:
ISBN: 978-7-5165-1047-6
000 00820nam0 2200229 450
001 0103152709
005 20201103152734.0
010    @a978-7-5165-1047-6@dCNY38.80
100    @a20181129e20182016em y0chiy50 ea
101 0  @achi
102    @aCN@b110000
105    @aa z 000yy
106    @ar
200 1  @a校园安全教育读本@Axiao yuan an quan jiao yu du ben@f宁选应主编
210    @a北京@c航空工业出版社@d2016.07@h2018.07
215    @a174页@c图@d26cm
330    @a本书共十章,采用案例与绘画结合的方式,介绍各种校园安全知识。具体包括财产安全、人身安全、意外事故处理、出行安全、社交安全、心理安全、实习安全、自然灾害应对、国家安全的维护和急救等方面的内容。
606 0  @a大学生@x安全教育
690    @aX925@v5
701  0 @a宁选应@Aning xuan ying@4主编
801  0 @aCN@bBJSZM@c20201103
905    @b1258871-5@dX925@e52@f5
    
    校园安全教育读本/宁选应主编.-北京:航空工业出版社,2016.07(2018.07)
    174页:图;26cm
    
    
    ISBN 978-7-5165-1047-6:CNY38.80
    本书共十章,采用案例与绘画结合的方式,介绍各种校园安全知识。具体包括财产安全、人身安全、意外事故处理、出行安全、社交安全、心理安全、实习安全、自然灾害应对、国家安全的维护和急救等方面的内容。
●
相关链接 在E读中查询图书 在五车中查询图书 在当当中查询图书 在豆瓣中查询图书


正题名:校园安全教育读本     索取号:X925/52         预约/预借

序号 登录号 条形码 馆藏地/架位号 状态 备注
1 1258871   212588715   第二样本阅览室/ [索取号:X925/52] 在馆    
2 1258872   212588724   教育系资料室/ [索取号:X925/52] 在馆    
3 1258873   212588733   教育系资料室/ [索取号:X925/52] 在馆    
4 1258874   212588742   第三借阅区/ [索取号:X925/52] 在馆    
5 1258875   212588751   第三借阅区/ [索取号:X925/52] 在馆    
唐山师范学院图书馆 欢迎您!
大连网信软件有限公司© 版权所有